00362nam a2200121Ia 4500003000400000008004100004040001600045082001700061245008300078260006300161300001100224490000500235GCL140319s9999 xx 000 0 ara d aGCL / cGCL04a370.1bل ن10aنظرية التعلم المعاصرة وتطبيقاتها التربوية a[S.N] : bمكتبة النهضة المصرية ، c1988 a382 ص a